00466 2200169 4500001002100000008004100021035002000062245009800082100000900180250000600189260004200195300001200237084001400249082000800263650001300271990001200284INLIS000000000000758 ind  a0010-0424000734 aSuplemen Sumber Belajar Olimpiade Geografi 1cLOPI ( Lembaga Olimpiade Pendidikan Indonesia ) aLOPI a1 aJakarta :bBina Prestasi Insanic2014 a426 hlm a900 LOP g a900 aNonfiksi a0739649